| 000 | 00559nam a22001817a 4500 | ||
|---|---|---|---|
| 005 | 20240918134728.0 | ||
| 008 | 240918b |||||||| |||| 00| 0 eng d | ||
| 020 | _a9781485137269 | ||
| 041 | _aEnglish | ||
| 082 | _a346.6 NTE | ||
| 100 | _lEnglish | ||
| 245 |
_aA Manual on the Public Enterprises Governance Act in Namibia / _cN Ntelamo |
||
| 250 | _aFirst Edition | ||
| 260 |
_aCape Town: _bJuta and Company (Pty) Ltd, _c2021 |
||
| 300 |
_bxx, 224 pages; _c25 cm. |
||
| 650 |
_aLegal practice _bLaw |
||
| 942 |
_cBK _6ALISON_BN_VRIES |
||
| 999 |
_c3047 _d3047 |
||